We Built this City Lyrics - (Yellow Box Version) - Statistics

General Stats
  • This quiz has been taken 8 times
  • The average score is 120 of 361
Answer Stats
Lyrics % Correct
and
100%
built
100%
built
100%
city
100%
city
100%
on
100%
rock
100%
roll
100%
this
100%
this
100%
We
100%
We
100%
and
57%
and
57%
built
57%
built
57%
built
57%
built
57%
city,
57%
city
57%
city,
57%
city
57%
on
57%
on
57%
rock
57%
rock
57%
roll
57%
roll
57%
this
57%
this
57%
this
57%
this
57%
We
57%
we
57%
We
57%
We
57%
we
57%
We
57%
we
57%
always
43%
always
43%
and
43%
and
43%
and
43%
and
43%
Built
43%
built
43%
built
43%
built
43%
built
43%
built
43%
built
43%
care
43%
cares,
43%
changing
43%
city
43%
city
43%
city,
43%
city
43%
city,
43%
city
43%
city
43%
corporation
43%
corporation
43%
dance
43%
deep
43%
don't
43%
don't
43%
don't
43%
don't
43%
face
43%
games
43%
goes
43%
here,
43%
hoopla,
43%
in
43%
in
43%
just
43%
kind
43%
Knee
43%
know
43%
listen
43%
listen
43%
mamba,
43%
mamba,
43%
many
43%
Marconi
43%
Marconi
43%
me
43%
my
43%
names
43%
night
43%
of
43%
off
43%
on
43%
on
43%
on
43%
on
43%
or
43%
page
43%
place
43%
playing
43%
plays
43%
plays
43%
radio,
43%
radio,
43%
recognize
43%
remember?
43%
remember?
43%
rock
43%
rock
43%
rock
43%
rock
43%
roll
43%
roll
43%
roll
43%
roll
43%
runaways
43%
Say
43%
Say
43%
someone
43%
Someone's
43%
stage
43%
stole
43%
that
43%
the
43%
the
43%
the
43%
the
43%
the
43%
the
43%
the
43%
the
43%
they're
43%
this
43%
this
43%
this
43%
this
43%
this
43%
this
43%
this
43%
to
43%
to
43%
to
43%
to
43%
Too
43%
up
43%
us
43%
want
43%
We
43%
We
43%
we
43%
we
43%
we
43%
who
43%
Who
43%
write
43%
you
43%
you
43%
you
43%
you
43%
a
29%
America,
29%
and
29%
another
29%
ball
29%
bar?
29%
beat
29%
Built
29%
built
29%
Built
29%
call
29%
cause
29%
choke
29%
city,
29%
city
29%
city,
29%
coming
29%
counts
29%
Don't
29%
Don't
29%
eating
29%
fight
29%
fools
29%
for
29%
got
29%
guitars?
29%
have
29%
hold,
29%
in
29%
into
29%
irresponsible,
29%
It's
29%
just
29%
just
29%
Looking
29%
lost
29%
money
29%
need
29%
of
29%
oh,
29%
old
29%
on
29%
our
29%
Police
29%
remember?
29%
rides
29%
rock
29%
roll
29%
schools
29%
ship
29%
sinking
29%
street
29%
Sunday
29%
tell
29%
the
29%
the
29%
the
29%
the
29%
the
29%
the
29%
then
29%
They
29%
this
29%
this
29%
this
29%
through
29%
tired
29%
underneath
29%
us
29%
us
29%
us
29%
we
29%
we're
29%
Who
29%
Who
29%
wrecking
29%
you
29%
you
29%
your
29%
your
29%
and
14%
and
14%
and
14%
and
14%
and
14%
built
14%
built
14%
built
14%
built
14%
Built
14%
built
14%
Built
14%
built
14%
Built
14%
built
14%
built,
14%
built
14%
(Built
14%
built,
14%
built
14%
built,
14%
built
14%
(Built
14%
built,
14%
built
14%
built,
14%
built
14%
(Built
14%
built,
14%
built
14%
(Built
14%
city,
14%
city
14%
city,
14%
city
14%
city,
14%
city
14%
city,
14%
city
14%
city,
14%
city
14%
city,
14%
city)
14%
city
14%
city
14%
city)
14%
city
14%
city
14%
city)
14%
city
14%
city)
14%
don't
14%
listen
14%
mamba,
14%
Marconi
14%
on
14%
on
14%
on
14%
on
14%
on
14%
plays
14%
radio,
14%
(Remember)
14%
remember?
14%
rock
14%
rock
14%
rock
14%
rock
14%
rock
14%
roll
14%
roll
14%
roll
14%
roll
14%
roll
14%
the
14%
the
14%
this
14%
this
14%
this
14%
this
14%
this
14%
this
14%
this
14%
this
14%
this
14%
this
14%
this
14%
this
14%
this
14%
this
14%
this
14%
this
14%
this
14%
this
14%
this
14%
this
14%
to
14%
We
14%
we
14%
We
14%
we
14%
we
14%
we
14%
we
14%
We
14%
we
14%
We
14%
we
14%
We
14%
we
14%
We
14%
we
14%
We
14%
we
14%
We
14%
we
14%
yeah
14%
yeah
14%
yeah
14%
you
14%
No matching quizzes found
Score Distribution
Percent of People with Each Score
Percentile by Number Answered
Your Score History
You have not taken this quiz